MARC

LEADER 00000nam0a2200000 4500
001 306037
005 20231102001846.0
035 |a (RuTPU)RU\TPU\book\331313 
090 |a 306037 
100 |a 20151002d1983 m y0rusy50 ca 
101 0 |a rus 
102 |a RU 
105 |a a j 001zy 
200 1 |a Практикум по оценке загрязненности водных объектов  |e учебное пособие для вузов  |f М. А. Бесценная, В. Г. Орлов  |g Ленинградский гидрометеорологический институт ; под ред. А. М. Владимирова 
210 |a Ленинград  |c Изд-во ЛПИ  |d 1983 
215 |a 54 с.  |c ил. 
320 |a Библиогр.: с. 52 
606 1 |a Экосистемы водные  |x Загрязнения  |2 stltpush  |3 (RuTPU)RU\TPU\subj\71157  |9 85193 
610 1 |a водные объекты 
610 1 |a охрана 
610 1 |a сточные воды 
610 1 |a качество 
610 1 |a вода 
610 1 |a реки 
610 1 |a водоемы 
610 1 |a практические расчеты 
610 1 |a практикумы 
675 |a 504.4(076.5)  |v 4 
700 1 |a Бесценная  |b М. А.  |g Маргарита Александровна 
701 1 |a Орлов  |b В. Г.  |g Вадим Георгиевич 
702 1 |a Владимиров  |b А. М.  |4 340 
712 0 2 |a Ленинградский гидрометеорологический институт  |2 stltpush  |3 (RuTPU)RU\TPU\col\8522 
801 1 |a RU  |b 63413507  |c 20151002 
801 2 |a RU  |b 63413507  |c 20190718  |g RCR 
942 |c BK